Biblioteca

The infallibility of the torah and the gospel / Jadeed Iskander (Registro nro. 43899)

Detalles MARC
000 -LÍDER
Campo fijo de descripción fija 009040000a22001930004500
020 ## - NÚMERO INTERNACIONAL NORMALIZADO PARA LIBROS
Número Internacional Normalizado del libro Donación.
041 0# - CÓDIGO DE IDIOMA
Código de idioma para texto/pista de sonido o título separado
001 - NÚMERO DE CONTROL
Campo de control 17235
100 1# - ASIENTO PRINCIPAL--NOMBRE PERSONAL
Nombre personal Jadeed, Iskander
245 10 - TÍTULO
Título del Material The infallibility of the torah and the gospel / Jadeed Iskander
250 ## - MENCIÓN DE EDICIÓN
Mención de edición 3
260 ## - PUBLICACIÓN, DISTRIBUCIÓN, ETC. (PIE DE IMPRENTA)
Lugar de publicación, distribución, etc. Rikon, Suiza : Good Way.
300 ## - DESCRIPCIÓN FÍSICA
Extensión 64 p.
505 00 - NOTA DE CONTENIDO
Nota de contenido con formato preestablecido El origen y el desarollo de la Biblia -- el testimonio de la inspiración -- el testimonio de profestas y apóstoles -- el testimonio de la tradición o la sucesión apostólica -- el testimonio de copias antiguas -- el testimonio de rollos antiguos -- el testimonio de la arqueología -- el testimonio del Islam -- lo que dicen los eruditos musulmanes sobre el tema de deformación
650 14 - ASIENTO SECUNDARIO DE MATERIA - TERMINO TEMÁTICO
Término temático o nombre geográfico como elemento de entrada BIBLIA - AUTORIDAD, TESTIMONIO, ETC. \ PALABRA DE DIOS (TEOLOGIA)
942 ## - TIPO DE MATERIAL (KOHA)
Tipo de Item KOHA Libros General
Existencias
Estado de Material Estado de Perdido Estado de Dañado No para Préstamo Colección Tomo Biblioteca de Origen Biblioteca Permanente Fecha de Adquisición Total de Préstamos Signatura Topográfica Código de Barras Última vez visto Ejemplar/Existencia Fecha de Remplazo Tipo de Material
        Colección Folletos   Biblioteca FUSBC Biblioteca FUSBC 15/07/2011   AV 0200 17263 12/12/2019 1 26/01/2016 Documentos Archivo Vertical

Biblioteca FUSBC | Teléfono: (57+4) 349 88 10 Ext. 141| WhatsApp (+57) 3005338115 
E-mail: biblioteca@unisbc.edu.co | Calle 76 87-14 Robledo Palenque, Medellín, Colombia

Con tecnología Koha